00780nam a2200193Ia 4500001000700000008004100007035001500048041000800063084001900071245018800090260007300278300002100351490002300372650001400395650001500409710005100424710005800475710005300533001072221003s1995 xx 000 0 spa d aCENDO_2148 aspa aRI-00004-00024 0aNueva jubilación :b¿un derecho nuestro...o un negocio de otros? /cmaterial editado por la CTA, la Escuela Sindical Libertario Ferrari y la Asociación de Trabajadores del Estado aBuenos Aires :bATE, Escuela Sindical Libertario Ferrari, CTA,c1995 a17 p. ;c 30 cm aMaterial de Debate aARGENTINA aJUBILACION aESCUELA SINDICAL LIBERTARIO FERRARIcArgentina aCENTRAL DE TRABAJADORES DE LA ARGENTINAcBuenos Aires aASOCIACION DE TRABAJADORES DEL ESTADOcArgentina